Adam's tongue : (Record no. 1331)

000 -LEADER
fixed length control field 02565nam a22003857a 4500
001 - CONTROL NUMBER
control field 15491170
003 - CONTROL NUMBER IDENTIFIER
control field OSt
005 - DATE AND TIME OF LATEST TRANSACTION
control field 20210426083613.0
008 - FIXED-LENGTH DATA ELEMENTS--GENERAL INFORMATION
fixed length control field 081020s2009 nyua b 001 0 eng
010 ## - LIBRARY OF CONGRESS CONTROL NUMBER
LC control number 2008045906
020 ## - INTERNATIONAL STANDARD BOOK NUMBER
International Standard Book Number 9780809022816 (alk. paper)
020 ## - INTERNATIONAL STANDARD BOOK NUMBER
International Standard Book Number 0809022818 (alk. paper)
035 ## - SYSTEM CONTROL NUMBER
System control number (OCoLC)ocn243544631
040 ## - CATALOGING SOURCE
Original cataloging agency DLC
Transcribing agency DLC
Modifying agency BTCTA
-- BAKER
-- YDXCP
-- C#P
-- IH7
-- YBM
-- BWX
-- BUR
-- CDX
-- VP@
-- OCLCQ
-- DLC
Language of cataloging eng
041 ## - LANGUAGE CODE
Language code of text/sound track or separate title eng
050 00 - LIBRARY OF CONGRESS CALL NUMBER
Classification number P106
Item number .B4667 2009
080 ## - UNIVERSAL DECIMAL CLASSIFICATION NUMBER
Universal Decimal Classification number 811
Item number B-56
082 00 - DEWEY DECIMAL CLASSIFICATION NUMBER
Classification number 401
Edition number 22
100 1# - MAIN ENTRY--PERSONAL NAME
Personal name Bickerton, Derek.
245 10 - TITLE STATEMENT
Title Adam's tongue :
Remainder of title how humans made language, how language made humans /
Statement of responsibility, etc. / by: Hill and Wang
250 ## - EDITION STATEMENT
Edition statement 1st edition
260 ## - PUBLICATION, DISTRIBUTION, ETC.
Place of publication, distribution, etc. New York
Name of publisher, distributor, etc. Hill and Wang
Date of publication, distribution, etc. 2009.
300 ## - PHYSICAL DESCRIPTION
Extent 286 p.
Other physical details ill.
Dimensions 24 cm.
504 ## - BIBLIOGRAPHY, ETC. NOTE
Bibliography, etc. note Includes bibliographical references (p. [259]-271) and index.
505 0# - FORMATTED CONTENTS NOTE
Formatted contents note The size of the problem -- Thinking like engineers -- Singing apes? -- Chatting apes? -- Niches aren't everything (they-re the only thing) -- Our ancestors in their niches -- Go to the ant, thou sluggard -- The big bang -- The challenge from Chomsky -- Making up our minds -- An acorn grows to a sapling -- The sapling becomes an oak.
520 ## - SUMMARY, ETC.
Summary, etc. How language evolved has been called "the hardest problem in science." Linguist Derek Bickerton shows how and why previous attempts to solve that problem have fallen short. This book is the first that thoroughly integrates the story of how language evolved with the story of how humans evolved. Taking cues from topics as diverse as the foraging strategies of ants, the distribution of large prehistoric herbivores, and the construction of ecological niches, Bickerton produces a dazzling new alternative to the conventional wisdom. Language is unique to humans, but it isn't the only thing that sets us apart from other species--our cognitive powers are qualitatively different. So could there be two separate discontinuities between humans and the rest of nature? No, says Bickerton; he shows how the mere possession of symbolic units--words--automatically opened a new and different cognitive universe.--From publisher description.
650 #0 - SUBJECT ADDED ENTRY--TOPICAL TERM
Topical term or geographic name entry element Language and languages.
650 #0 - SUBJECT ADDED ENTRY--TOPICAL TERM
Topical term or geographic name entry element Linguistics
9 (RLIN) 445
650 #0 - SUBJECT ADDED ENTRY--TOPICAL TERM
Topical term or geographic name entry element Human evolution.
650 #0 - SUBJECT ADDED ENTRY--TOPICAL TERM
Topical term or geographic name entry element Psycholinguistics.
653 ## - INDEX TERM--UNCONTROLLED
Uncontrolled term ლინგვისტიკა
906 ## - LOCAL DATA ELEMENT F, LDF (RLIN)
a 7
b cbc
c orignew
d 1
e ecip
f 20
g y-gencatlg
942 ## - ADDED ENTRY ELEMENTS (KOHA)
Source of classification or shelving scheme
Koha item type Books
Edition 1
Holdings
Withdrawn status Lost status Source of classification or shelving scheme Damaged status Not for loan Permanent location Current location Date acquired Inventory number Total Checkouts Full call number Barcode Date last seen Price effective from Koha item type
          Ken Walker International University Ken Walker International University 02/11/2021 636   811 B-56 636 02/11/2021 02/11/2021 Books

Powered by Koha